Jim Carrey Movies by Picture - Statistics

General Stats
  • This quiz has been taken 176 times
  • The average score is 11 of 20
Answer Stats
Picture Answer % Correct
The Mask
96%
Dr. Seuss' How the Grinch Stole Christmas!
94%
Dumb and Dumber
88%
Ace Ventura: When Nature Calls
85%
The Truman Show
82%
Sonic the Hedgehog
78%
Bruce Almighty
76%
Liar Liar
75%
Batman Forever
71%
Mr. Popper's Penguins
68%
Eternal Sunshine of the Spotless Mind
61%
Me, Myself and Irene
50%
Yes Man
40%
Man on the Moon
38%
The Number 23
29%
Kick-Ass 2
25%
Lemony Snicket's A Series of Unfortunate Events
24%
Fun with Dick and Jane
15%
Anchorman 2: The Legend Continues
12%
Dark Crimes
5%
No matching quizzes found
Score Distribution
Percent of People with Each Score
Percentile by Number Answered
Your Score History
You have not taken this quiz